Cyclisme : Vainqueurs du Renewi Tour - Statistiques

Statistiques générales
  • Ce quiz a été pris 6 fois
  • Le résultat moyen est 4 sur 20
Statistiques - réponses
Année Vainqueur % Correct
2020 Mathieu van der Poel
100%
2025 Arnaud De Lie
67%
2024 Tim Wellens
67%
2023 Tim Wellens
67%
2015 Tim Wellens
67%
2014 Tim Wellens
67%
2005 Bobby Julich
0%
2011 Edvald Boasson Hagen
0%
2009 Edvald Boasson Hagen
0%
2008 José Iván Gutiérrez
0%
2007 José Iván Gutiérrez
0%
2012 Lars Boom
0%
2019 Laurens De Plus
0%
2018 Matej Mohorič
0%
2016 Niki Terpstra
0%
2021 Sonny Colbrelli
0%
2006 Stefan Schumacher
0%
2017 Tom Dumoulin
0%
2010 Tony Martin
0%
2013 Zdeněk Štybar
0%
Aucun quiz correspondant
Distribution des résultats
% des personnes avec chaque résultat
Percentile par nombre de réponses
Votre historique - résultats
Vous n’avez pas pris ce quiz